1002 1369 1622 1215 1783 1915 1708 1916 1923 1577 1433 1030 1366 1479 1064 1601 1522 1733 1487 1401 1561 1904 1261 1972 1727 1269 1506 1499 1885 1843 1236 1016 1413 1903 1697 1169 1619 1527 1893 1064 1047 1778 1634 1426 1255 1467 1713 1250 1233 1026 1456 1187 1268 1956 1212 1780 1353 1814 1834 1504 1509 1580 1455 1348 1984 1618 1570 1514 1519 2000 1489 1992 1336 1829 1045 1259 1304 1776 1670 1447 1499 1092 1870 1908 1076 1120 1687 1408 1918 1192 1570 1517 1290 1634 1417 1613 1146 1985 1313 BCNSPRNW ULIB Ver.6.0+V

เปลี่ยนเป็นภาษาไทย

Change to English
 แสดงรายละเอียดบรรณานุกรม
  กลับหน้าหลัก

Brief Record : Get Marc (ISO 2709) : E-mail record : QR code < ปิดหน้าต่าง
LEADER : 00000nam 2200000uu 4500
001    13399111723
003     ULIB
008    110627s2548||||th 000 0 tha d
060  4 WG200^bจ531ค 2548
100 0  จิราจันทร์ คณฑา
245 00 ความสัมพันธ์ระหว่างแบบแผนการดำเนินชีวิตกับพฤติกรรมส่งเสริมสุขภาพของผู้ป่วยโรคหัวใจ ในเขตเทศบาลนคร นครสวรรค์/^cจิราจันทร์ คณฑา
260    นครสวรรค์ :^bวิทยาลัยพยาบาลบรมราชชนนี สวรรค์ประชารักษ์,^c2548
300    97 หน้า
650  7 แบบแผนการดำเนินชีวิต
650  7 ผู้ป่วยโรคหัวใจ-พฤติกรรมส่งเสริมสุขภาพ
650  7 โรคหัวใจ^xวิจัย
945    ^p0^l0^i018255
995    ทศพร
999 ^a ใช้งานได้ทุกระบบ
รายการนี้ยังไม่มีแท็ก
คุณยังไม่ได้ล็อกอิน คุณสามารถมีกิจกรรมร่วมกับเว็บไซต์ได้ แต่ต้องล็อกอินก่อน ::
  ล็อกอิน

รายการสื่อสารสนเทศ

ลำดับที่ ประเภท เลขเรียก/บาร์โค้ด สถานที่ สถานะ
- ไม่พบข้อมูล -

รายการใกล้เคียง
    ผู้แต่ง [จิราจันทร์ คณฑา]

    หัวเรื่อง [แบบแผนการดำเนินชีวิต]

BibComment


ยังไม่เคยถูกคอมเมนท์

คอมเมนท์ทรัพยากรรายการนี้
  คอมเมนท์: ความสัมพันธ์ระหว่..


 Copyright 2026. Bcnsprnw @Library